| 000 | 00429nam a22001457a 4500 | ||
|---|---|---|---|
| 082 |
_a550.95491 _bGEO _cD |
||
| 100 |
_aFarah, Abdul (edit) _940327 |
||
| 245 |
_aGeodynamics of Pakistan / _cAbdul Farah (edit) |
||
| 260 |
_aPakistan : _bGeological Survey of Pakistan, _c1979. |
||
| 300 | _a361 | ||
| 526 |
_a0 _b0 _c0 _d550_954910000000000_GEO |
||
| 526 |
_a0 _b0 _c0 _d550_954910000000000_GEO |
||
| 650 |
_aMCE _9379 |
||
| 942 |
_2ddc _cBK |
||
| 999 |
_c544657 _d544657 |
||